000 00501nam a22001817a 4500
003 OSt
005 20180116183046.0
008 160719b xxu||||| |||| 00| 0 eng d
020 _a9781403935359
040 _c0
082 _a658.4013 BER 2005
100 _aAnthony J. Berry
245 _aManagement Control
_bTheories, Issues and Performance
_cAnthony J. Berry
260 _aGreat Britain
_bPalgrave MacMillan
_c2005
300 _a410 p.
_bPB
440 _aManagement Control
942 _2ddc
_cBK
999 _c351417
_d351417